Heavy construction (Record no. 280)

000 -LEADER
fixed length control field 00554nam a2200217 4500
001 - CONTROL NUMBER
control field 280
003 - CONTROL NUMBER IDENTIFIER
control field BD-DhUET
008 - FIXED-LENGTH DATA ELEMENTS--GENERAL INFORMATION
fixed length control field 140719b xxu||||| |||| 00| 0 eng d
020 ## - INTERNATIONAL STANDARD BOOK NUMBER
International Standard Book Number 041554906
040 ## - CATALOGING SOURCE
Transcribing agency 0
Modifying agency BD-DhUET
082 ## - DEWEY DECIMAL CLASSIFICATION NUMBER
Classification number 624.02802
Item number SIN/2009
100 ## - MAIN ENTRY--PERSONAL NAME
Personal name Singh, Jagman
245 ## - TITLE STATEMENT
Title Heavy construction
Remainder of title planning, equipment and methods
250 ## - EDITION STATEMENT
Edition statement 3rd ed.
260 ## - PUBLICATION, DISTRIBUTION, ETC. (IMPRINT)
Place of publication, distribution, etc. Boca Raton
Name of publisher, distributor, etc. CRC Press
Date of publication, distribution, etc. 2009
300 ## - PHYSICAL DESCRIPTION
Extent xxxvi, 860p.
500 ## - GENERAL NOTE
General note Volume- II
504 ## - BIBLIOGRAPHY, ETC. NOTE
Bibliography, etc Includes bibliographies
650 #0 - SUBJECT ADDED ENTRY--TOPICAL TERM
Topical term or geographic name as entry element Construction equipment
942 ## - ADDED ENTRY ELEMENTS (KOHA)
Koha item type General Book
Holdings
Koha issues (times borrowed) Koha item type Koha date last seen Price effective from Koha full call number Copy number Lost status Source of classification or shelving scheme Shelving location Koha date last borrowed Koha normalized classification for sorting Damaged status Withdrawn status Sublocation or collection (holding branch) Location (home branch) Not for loan Date acquired Piece designation (barcode)
2General Book2016-10-082014-07-19624.02802/SIN/20091  Circulation section2015-02-10624_028020000000000_SIN_2009  Central Library, BUETCentral Library, BUET 2014-07-19111002
 General Book2014-07-192014-07-19624.02802/SIN/20092  Acquisition section 624_028020000000000_SIN_2009  Central Library, BUETCentral Library, BUET 2014-07-19111000
 Reading Item2015-06-282015-06-28624.02802/SIN/20093  Reading section 624_028020000000000_SIN_2009  Central Library, BUETCentral Library, BUET 2015-06-28111003